000 01600nam a2200349 a 4500
001 000016945
003 DO-SdBNP
005 20260310100132.0
007 ta
008 100312s1998 dr ac 000 0 spa d
040 _aDO-SdBNP
_bspa
_cBNPHU
082 4 _a305.8
_bT266c
_222
100 1 _aTejeda Ortíz, Dagoberto,
_d1940-
_91575
245 1 0 _aCultura popular e identidad nacional /
_cDagoberto Tejeda Ortiz ; presentación Víctor J. Víctor.
260 _aSanto Domingo :
_bConsejo Presidencial de Cultura, Instituto Dominicano de Folklore,
_c1998
300 _av. :
_bilustraciones y retratos ;
_c21 cm.
490 0 _aEnsayos sobre folklore ;
_v1
500 _aLa biblioteca posee v. 1 y 2
504 _aBibliografía : v. 2, p. 321-328.
505 _av.II
_gCapítulo III.
_tLeyendas, Creencias e Identidad.--
_gCapítulo IV.
_tSímbolos, Raíces e Identidad.--
_gCapítulo V.
_tArte Popular e Identidad Nacional.--
_gCapítulo VI.
_tInsistiendo en la Definición de la Identidad.--
_tBibliografía consultada.
590 _aInventariado, 2018/BT
650 0 _aEtnicidad
_dRepública Dominicana
_937458
650 0 _aCultura popular
_dRepública Dominicana
_912597
650 4 _aNacionalismo
_zRepública Dominicana
_914467
650 4 _aFolklore
_zRepública Dominicana
_918873
651 4 _aRepública Dominicana
_xVida religiosa y costumbres
_96935
651 4 _aRepública Dominicana
_xVida social y costumbres
_9405
651 4 _aRepública Dominicana
_xNacionalismo
_937459
700 1 _aVíctor, Víctor J.
_937460
910 _aValidado. Control de calidad. MMOLINA
942 _2ddc
_cLBS1
999 _c16477
_d16477